Countries Bordering Asian Monarchies - Statistics

General Stats
  • This quiz has been taken 1,045 times
  • The average score is 9 of 10
Answer Stats
Country % Correct
China
97%
Indonesia
96%
Iraq
96%
India
95%
Laos
95%
Israel
94%
Vietnam
94%
Yemen
94%
Myanmar
91%
Syria
90%
No matching quizzes found
Score Distribution
Percent of People with Each Score
Percentile by Number Answered
Your Score History
You have not taken this quiz